| 000 | 00862cam a2200289 4500 | ||
|---|---|---|---|
| 008 | 090401t1987 xxu||||| |||| 00| 0 eng d | ||
| 020 | _a0421317906 | ||
| 035 | _a(Sirsi) u51143 | ||
| 041 | _aeng | ||
| 050 | _a347.4109 | ||
| 245 | _aHandbook of arbitration practice | ||
| 260 |
_aLondon _bSweet and Maxwell _c1987 |
||
| 300 | _axxv, 575p. ; 25cm. | ||
| 350 | _a62 | ||
| 520 | _aPublished in conjunction with the Chartered Institute of Arbitrators. New edition due April 1993. | ||
| 650 | _aBUILDING INDUSTRY | ||
| 650 | _aCOMMODITY TRADE ARBITRATIONS | ||
| 650 | _aCONSUMER DISPUTES | ||
| 650 | _aDOCUMENTS ONLY ARBITRATIONS | ||
| 650 | _aINTERNATIONAL ARBITRATION | ||
| 650 | _aMARITIME ARBITRATIONS | ||
| 650 | _aRENT REVIEWS | ||
| 650 |
_aValuation _96273 |
||
| 700 |
_aBernstein, Ronald. _xEditor |
||
| 942 | _n0 | ||
| 948 | _c04/03/1997 | ||
| 999 |
_c92828 _d92828 |
||